000 00529nam a2200205Ia 4500
008 161024s9999||||xx |||||||||||||| ||und||
082 _aMS-107-1871-72
082 _bMS-107-1871-72
095 _pMS-107-1871-72
100 _aकपिल
245 _aव्यासप्रभाकर
300 _a76
300 _b1871-72
300 _c107
300 _eComplete
300 _f1457
630 _aव्यासप्रभाकर
730 _aव्यासप्रभाकर
942 _cManuscript
999 _c1403272
_d1403269